Регионална библиотека "Любен Каравелов" - Русе

Архитектурното изкуство на старите българи (Запис номер 73442)

MARC детайли
000 -Лидер
Контролно поле с фиксирана дължина 02311nam a2200433 c 4500
003 - Код на организацията, давaща контролен номер
Контролно поле BLK
005 - Дата и час на последна редакция
Контролно поле 20180420224006.0
008 - Елементи от данни с фиксирана дължина
fixed length control field 180408b bul|||||r ||||||| ||bul||
010 ## - Наследен системен номер
LC control number KNG00077835000
020 ## - Международен стандартен номер на книга ISBN
Международен стандартен номер на книга ISBN 978-954-322-109-7
-- издат.: Акад. изд. Проф. Марин Дринов - на том(т. 3)
040 ## - Източник на каталожния запис
Идентификатор на билиотеката - собственик на записа BLK
041 ## - Код за език
Код за езика на текст/звукозапис или на отделно заглавие Български
Код за езика КДБФ Български
080 ## - УДК
Текстов определител УДК История на архитектурата (Периоди и фази). Художествени стилове, направления и влияния(Подразделя се като 7. 03)
УДК код - определител по УДК 72.03
УДК определител (497.2)
УДК - код + определител 72.03(497.2)
080 ## - УДК
Текстов определител УДК Паметници на културата на историческите периоди. Археологическите паметници. Старини
УДК код - определител по УДК 904
УДК определител (497.2)
УДК - код + определител 904(497.2)
080 ## - УДК
Текстов определител УДК Църковна архитектура
УДК код - определител по УДК 726
УДК определител (497.2)
УДК - код + определител 726(497.2)
100 1# - Редна дума - Автор
Автор Тулешков, Николай Любомиров
Авторска отговорност първи автор
R(LIN) 296394
139 ## - Редно поле
Редна дума Тулешков, Николай Любомиров
Авторски знак Тул - Т 89
245 10 - Сведения за заглавието
Заглавие Архитектурното изкуство на старите българи
Подзаглавни данни Т. 1 - За том: Османско Средновековие и Възраждане
Редно поле (дума) Николай Любомиров Тулешков.
Том Т. 3
Заглавие на том Приложения
257 ## - Страна на издаване
Страна на създаване/издаване България
260 ## - Област на издателските данни
-- София
Име на издателя, разпространителя и проч. Арх Арт
Година на издаване 2001 -
300 ## - Физическа характеристика
Размери/Мащаб 23Х24 см
380 ## - Жанр
Жанр Изкуство
490 1# - СЕРИИ (Колекции)
Име на серия Българско архитектурно наследство
500 ## - Общи забележки
Забележка Офс. изд.
650 #4 - Допълнително описание по предмет – тема
Основно описание – тема или топоним Архитектура, българска - история
9 (RLIN) 244376
650 #4 - Допълнително описание по предмет – тема
Основно описание – тема или топоним България - старини
9 (RLIN) 262139
650 #4 - Допълнително описание по предмет – тема
Основно описание – тема или топоним Архитектура, църковна - България
9 (RLIN) 246250
651 #4 - Допълнително описание по предмет - топоним
Географско понятие България
9 (RLIN) 241624
653 ## - Ключова дума – ненормативна
Ключова дума архитектура
653 ## - Ключова дума – ненормативна
Ключова дума църковна архитектура
653 ## - Ключова дума – ненормативна
Ключова дума история
653 ## - Ключова дума – ненормативна
Ключова дума старини
760 1# - Описание на основната серия
-- - на том(т. 3)
Редна дума на основното описание Тулешков, Николай Любомиров
Място на издаване, издател и година Акад. изд. Проф. Марин Дринов, 2006
Страници - том 216 с. : с ил., табл.
Заглавие Т. 3 Приложения
852 ## - Местоположение
Форматна сигнатура Цб 210273
856 4# - Електронен адрес и достъп
Електронен формат pdf - файл
Път до файла /url/
856 4# - Електронен адрес и достъп
Електронен формат pdf - файл
Път до файла /url/
942 ## - АРТИКУЛИ
Вид на библиотечния материал Книги
Скрит в OPAC Не
944 ## - СЪЗДАВАНЕ И РЕДАКЦИЯ на ЗАПИСА
Създаване/Редакция Създаване
Дата на регистрацията/редакция 27.08.2007
Служител, извършил регистрацията/редакцията Валя_Йорданова
944 ## - СЪЗДАВАНЕ И РЕДАКЦИЯ на ЗАПИСА
Създаване/Редакция Редакция
Дата на регистрацията/редакция 12.10.2007
Служител, извършил регистрацията/редакцията
999 ## - СИСТЕМНИ КОНТРОЛНИ НОМЕРА
Koha biblionumber 73442
Koha biblioitemnumber 73442
Наличности
Код за отписване Код за изгубен артикул Източник на класификационната схема Код за повреда Коз за рестрикции Код за отдаване Артикулен № Име на библиотеката - собственик Име на библиотеката, в която се намира в момента Статус (Текущо местоположение) Дата на вписване в системата Местоположение - отдел Цена в лева Инвентарен номер Систематично азбучна сигнатура Баркод Номер на екземпляра Цена в евро Служебна бележка Служебен тип на артикула
  Не е изгубен Universal Decimal Classification Не е повреден само за читалня ползва се в читалня 119286 Регионална библиотека "Любен Каравелов" Русе Регионална библиотека "Любен Каравелов" Русе Хранилище 2007-08-27 Хранилище 0.00 120000717131 Цб 210273 120000717131 1 0.00 Дост: Dp Вид: Д N: 17 Дата: 05.04.2007 Книги
  Не е изгубен Universal Decimal Classification Не е повреден без рестрикции заемане за дома 119287 Регионална библиотека "Любен Каравелов" Русе Регионална библиотека "Любен Каравелов" Русе Отдел Изкуство - подръчен фонд 2007-10-11 Отдел Изкуство - подръчен фонд 10.00 120000718003 72/Т 89 120000718003 2 5.11 Дост: Pk Вид: Ф N: 9218 Дата: 01.10.2007 Дата инв: 06.06.2012 Бележки инв: * Книги
Vip Innovations Ltd, Rousse, Bulgaria 2025